Denmark Debutants since 2014 - Statistics

General Stats
  • This quiz has been taken 31 times
  • The average score is 22 of 68
Answer Stats
% Correct
2022 Atalanta ST 19 Rasmus Hojlund 14 7
96%
2015 Chelsea CB 19 Andreas Christensen 70 3
92%
2018 Jægersborg CB 29 Christian Christensen 1
92%
2020 Odense GK 21 Oliver Christensen 1
92%
2021 RB Salzburg RB 24 Rasmus Kristensen 21
92%
2020 Sampdoria LW 20 Mikkel Damsgaard 27 4
83%
2014 Bayern Munich DM 18 Pierre-Emile Hojbjerg 77 10
79%
2020 Brentford DM 26 Christian Norgaard 25 1
75%
2016 Ajax ST 19 Kasper Dolberg 47 11
75%
2020 Brentford CM 24 Mathias Jensen 30 1
75%
2019 Lyon CB 23 Joachim Andersen 32
71%
2014 Ajax AM 20 Lucas Andersen 7
67%
2019 Borussia Dortmund LW 20 Jacob Bruun Larsen 6 1
63%
2016 Austria Vienna RB 25 Jens Stryger Larsen 54 3
63%
2020 Genk RB 23 Joakim Maehle 45 11
63%
2023 Sporting CP DM 24 Morten Hjulmand 7
63%
2015 Midtjylland LW 20 Pione Sisto 26 1
63%
2023 Leicester City LB 20 Victor Kristiansen 8
63%
2020 Kobenhavn ST 21 Jonas Wind 27 8
58%
2020 Bologna RW 20 Andreas Skov Olsen 30 8
54%
2023 Celtic CM 22 Matt O'Riley 2
50%
2020 Bournemouth CM 24 Philip Billing 5
50%
2019 Kobenhavn LM 23 Robert Skov 14 7
50%
2024 Lazio RW 22 Gustav Isaksen 1
46%
2020 Sonderjyske RB 22 Alexander Bah 11 1
38%
2017 Koln CB 25 Frederik Sorensen 1
33%
2020 Brondby AM 20 Jesper Lindstrom 16 1
33%
2021 Union Berlin ST 25 Marcus Ingvartsen 1 1
33%
2021 Ajax LW 19 Mohamed Daramy 10 1
33%
2016 Brondby GK 24 Frederik Ronnow 10
29%
2016 Guingamp GK 27 Jonas Lossl 1
29%
2020 Birmingham City LB 26 Kristian Pedersen 1
29%
2014 Aarhus CM 28 Danny Olsen 1
25%
2016 Zulte Waregem RB 26 Henrik Dalsgaard 26 1
25%
2020 Kobenhavn CB 22 Victor Nelsson 12
25%
2021 Rubin Kazan RW 23 Anders Dreyer 3
21%
2016 Rosenborg ST 26 Christian Gytkjaer 9 5
17%
2023 Kobenhavn RB 20 Elias Jelert 3
17%
2015 Midtjylland CB 23 Erik Sviatchenko 5 1
17%
2020 Cadiz DM 27 Jens Jonsson 5
17%
2014 Nantes CB 25 Kian Hansen 2
17%
2015 Brondby LB 21 Riza Durmisi 23
17%
2018 Vanlose CB 23 Daniel Nielsen 1
13%
2021 Kobenhavn CM 25 Jens Stage 1
13%
2014 Esbjerg LB 21 Jonas Knudsen 7
13%
2017 Zulte Waregem CM 23 Lukas Lerager 10 1
13%
2023 Brondby AM 27 Nicolai Vallys 1
13%
2014 Aalborg LB 23 Jakob Ahlmann 3
8%
2014 Goteborg ST 27 Lasse Vibe 11 1
8%
2021 Brondby ST 27 Mikael Uhre 1
8%
2020 Rubin Kazan DM 24 Oliver Abildgaard 1
8%
2018 Kastrup CB 25 Adam Fogt 1
4%
2020 Brondby CB 26 Andras Maxso 2
4%
2014 Aalborg AM 21 Nicolaj Thomsen 1
4%
2018 Tarup-Paarup ST 30 Anders Fonss 1
0%
2018 Greve CM 25 Anders Hunsballe 1
0%
2018 Tarup-Paarup DM 26 Christian Bannis 1
0%
2018 Avarta ST 30 Christian Offenberg 1
0%
2018 Jægersborg GK 31 Christoffer Haagh 1
0%
2018 Hillerod CM 23 Christopher Jacobsen 1
0%
2018 Skovshoved ST 23 Daniel Holm 1
0%
2018 Skovshoved LW 24 Kasper Kempel 1
0%
2018 Tarup-Paarup LB 23 Mads Bertelsen 1
0%
2018 Vanlose CB 24 Nicolai Johansen 1
0%
2018 Vanlose ST 21 Oskar Hoybye 1
0%
2018 Vanlose ST 23 Rasmus Gaudin 1
0%
2018 Hellerup CM 23 Rasmus Johansson 1
0%
2018 Skjold Birkerod RB 20 Simon Vollesen 1
0%
No matching quizzes found
Score Distribution
Percent of People with Each Score
Percentile by Number Answered
Your Score History
You have not taken this quiz